[Event "Challenge"]
[Site "http://www.queenalice.com/game.php?id=265638"]
[Date "2007.9.2"]
[Round "-"]
[White "julisses"]
[Black "gilbertoadam"]
[Result "1-0"]
[WhiteElo "1454"]
[BlackElo "1181"]

1. e4 e5 2. Nc3 Bc5 3. Bc4 Qf6 4. Nh3 d6 5. Nd5 Qh4 6. Qf3 Nh6 7. Nxc7+ Kd7 8.
Nxa8 Ng4 9. Qxf7+ Kd8 10. Qc7+ Ke8 11. O-O Rf8 12. Qxc8+ Ke7 13. Qxb7+ Nd7 14.
d3 Nxf2 15. Bg5+ Qxg5 16. Nxg5 h6 17. Ne6 Nh3+ 18. Kh1 Nf2+ 19. Rxf2 Bxf2 20.
Nxf8 Kxf8 21. Qxd7 Bh4 22. Qf7# 1-0

[Event "Challenge"]
[Site "http://www.queenalice.com/game.php?id=267108"]
[Date "2007.9.5"]
[Round "-"]
[White "Arildocamargo"]
[Black "gilbertoadam"]
[Result "1-0"]
[WhiteElo "1460"]
[BlackElo "1178"]

1. e4 e5 2. d4 Qf6 3. dxe5 Qxe5 4. Nc3 Bc5 5. Nf3 Qh5 6. Be2 Nf6 7. Bg5 Ng4 8.
O-O Nc6 9. Nd5 Bd6 10. h3 Nh2 11. Nxh2 h6 12. Bxh5 hxg5 13. Bg4 Be5 14. Nf3 Bxb2
15. Rb1 Bc3 16. Nxc7+ Kf8 17. Nxa8 Ba5 18. Nxg5 f6 19. Nf3 Nb4 20. Bxd7 Ke7 21.
Ba4 Be6 22. e5 Nxa2 23. Rxb7+ Kf8 24. Qd6+ Kg8 25. Qxe6+ Kh7 26. Qf5+ Kh6 27.
Nh4 Rxa8 28. Qg6# 1-0

[Event "Challenge"]
[Site "http://www.queenalice.com/game.php?id=268032"]
[Date "2007.9.7"]
[Round "-"]
[White "samueneotaviano"]
[Black "gilbertoadam"]
[Result "0-1"]
[WhiteElo "1213"]
[BlackElo "1229"]

1. d4 e5 2. dxe5 Bc5 3. Be3 Na6 4. Bxc5 Nxc5 5. f4 Ne4 6. g3 Qe7 7. c4 Qc5 8.
Qd5 Qb4+ 9. Nc3 Nxc3 10. Qd2 b6 11. Qxc3 Qc5 12. b4 Qc6 13. Nf3 Nh6 14. b5 Qc5
15. h3 Nf5 16. Rg1 Ne3 17. Nd2 Nc2+ 18. Qxc2 Qxg1 19. g4 Qg3+ 20. Kd1 a6 21. Qf5
Qc3 22. Qc2 Qxa1+ 23. Nb1 Qd4+ 24. Nd2 Qxf4 25. Qf5 Qd4 26. Qg5 Qa1+ 27. Kc2
Qxa2+ 28. Kc3 axb5 29. Qxg7 Rf8 30. Qxh7 Ra3+ 31. Kb4 Qb2+ 32. Nb3 Qxb3# 0-1

[Event "AUTO-BEG-139"]
[Site "http://www.queenalice.com/game.php?id=273268"]
[Date "2007.9.18"]
[Round "1"]
[White "klebert_jordan"]
[Black "gilbertoadam"]
[Result "0-1"]
[WhiteElo "1067"]
[BlackElo "1229"]

1. e3 e5 2. Nc3 Nf6 3. Nb5 d5 4. Nh3 Ng4 5. Nc3 Nc6 6. Qf3 Nb4 7. Bb5+ c6 8. Bf1
Nxc2+ 9. Kd1 Nxa1 10. Qe2 Nxf2+ 11. Qxf2 Bg4+ 12. Be2 Qd7 13. Bxg4 Qxg4+ 14. Qf3
Qc4 15. Ng5 Be7 16. b3 Nxb3 17. Nxf7 Rf8 18. Qf5 Rxf7 19. Qxe5 Rf1+ 20. Rxf1
Qxf1+ 21. Kc2 Qxc1+ 22. Kxb3 b5 23. Qxg7 Kd7 24. Qxh7 a5 25. Qh3+ Kd6 26. Qf5 b4
27. Qb1 Qa3+ 28. Kc2 Bf6 29. Qb3 Qxb3+ 30. Kxb3 bxc3 31. dxc3 Rb8+ 32. Kc2 a4
33. g3 a3 34. h4 Rb2+ 35. Kc1 Rxa2 36. Kb1 Rh2 37. h5 a2+ 38. Ka1 Bxc3# 0-1

[Event "AUTO-BEG-139"]
[Site "http://www.queenalice.com/game.php?id=273269"]
[Date "2007.9.18"]
[Round "1"]
[White "gilbertoadam"]
[Black "klebert_jordan"]
[Result "1-0"]
[WhiteElo "1218"]
[BlackElo "1098"]

1. e4 e6 2. Nh3 Nc6 3. Ng5 Qxg5 4. Nc3 Nb4 5. d4 Qe7 6. d5 Qd6 7. a3 Na6 8. Be2
Qe7 9. Nb5 Qd6 10. Nxd6+ Bxd6 11. Bh5 g6 12. Bg4 Nc5 13. Qd4 f6 14. Bh6 1-0

[Event "AUTO-BEG-139"]
[Site "http://www.queenalice.com/game.php?id=273275"]
[Date "2007.9.18"]
[Round "1"]
[White "gilbertoadam"]
[Black "LAIRA"]
[Result "0-1"]
[WhiteElo "1236"]
[BlackElo "1454"]

1. e4 c5 2. Bc4 e6 3. Nh3 Nc6 4. Qf3 Ne5 5. Qc3 Nxc4 6. Qxc4 Nf6 7. d3 Be7 8. f3
a6 9. g4 b5 10. Qc3 O-O 11. d4 c4 12. a4 a5 13. axb5 Bb4 14. Bd2 Bxc3 15. Bxc3
d5 16. b4 dxe4 17. Ng1 exf3 18. h3 Bb7 19. Nd2 f2+ 20. Kxf2 Bxh1 21. bxa5 Bb7
22. Ngf3 Bxf3 23. Kxf3 Qd5+ 24. Kg3 Ne4+ 25. Nxe4 Qxe4 26. Bd2 Qxd4 27. Bf4 Qxa1
28. a6 Qe1+ 29. Kg2 e5 30. Bg3 Qe2+ 31. Bf2 e4 32. Kg3 Qf3+ 0-1

[Event "AUTO-BEG-140"]
[Site "http://www.queenalice.com/game.php?id=274283"]
[Date "2007.9.19"]
[Round "1"]
[White "ricvila"]
[Black "gilbertoadam"]
[Result "1-0"]
[WhiteElo "1365"]
[BlackElo "1300"]

1. c4 e6 2. Nc3 Bc5 3. e3 Nh6 4. g3 Qf6 5. Bg2 Ng4 6. Qxg4 Na6 7. d4 Bd6 8. Qd1
Qg6 9. c5 Be7 10. a3 Bh4 11. Nf3 Be7 12. O-O h5 13. b4 Nb8 14. Nb5 Bd8 15. Bb2
a6 16. Nc3 Nc6 17. Rc1 Ne7 18. Ne5 Qf6 19. Ne4 Qf5 20. Qf3 a5 21. Qxf5 exf5 22.
Nc3 d6 23. cxd6 1-0

[Event "AUTO-BEG-140"]
[Site "http://www.queenalice.com/game.php?id=274299"]
[Date "2007.9.19"]
[Round "1"]
[White "CJ"]
[Black "gilbertoadam"]
[Result "1-0"]
[WhiteElo "1230"]
[BlackElo "1239"]

1. e4 e5 2. Bc4 Bc5 3. Qf3 Nf6 4. Nh3 Nc6 5. c3 Na5 6. Bb5 c6 7. Ba4 Qe7 8. Ng5
Qf8 9. b4 Bb6 10. bxa5 Bxa5 11. Ba3 Qg8 12. Qf5 h6 13. Qxe5+ Kd8 14. Qe7+ Kc7
15. Qe5+ Kd8 16. Qxa5+ b6 17. Qe5 Bb7 18. Qe7+ Kc7 19. Nxf7 Rh7 20. Bd6+ Kc8 21.
Na3 Ne8 22. Qd8# 1-0

[Event "AUTO-BEG-140"]
[Site "http://www.queenalice.com/game.php?id=274309"]
[Date "2007.9.19"]
[Round "1"]
[White "Augustodombosco"]
[Black "gilbertoadam"]
[Result "1-0"]
[WhiteElo "1404"]
[BlackElo "1253"]

1. e4 e5 2. Nf3 Bc5 3. Nxe5 Qf6 4. Nf3 Nh6 5. d4 Bb4+ 6. c3 Ba5 7. b4 Bb6 8. e5
Qf5 9. Bd3 Qg4 10. Bxh6 gxh6 11. a4 Qxg2 12. Kd2 Qxf2+ 13. Be2 a5 14. b5 d5 15.
Ra2 Bg4 16. Kc1 Bf5 17. Re1 c5 18. h4 Nd7 19. Kb2 c4 20. Ka1 Nf8 21. Bd3 Qg3 22.
Bxf5 Rd8 23. e6 fxe6 24. Bxe6 Qd6 25. Bxd5+ Kd7 26. Bxb7 Ne6 27. Rae2 Nf4 28.
Re7+ Qxe7 29. Rxe7+ Kxe7 30. Na3 Rd7 31. Bc6 Rdd8 32. Nxc4 Ng6 33. Nxb6 Nf4 34.
Qe1+ Kf7 35. Ne5+ Kf6 36. Nbd7+ Ke6 37. Ng6+ Kf5 38. Qe4+ Kg4 39. Qxf4+ Kh3 40.
Qf3+ Kh2 41. Qg2# 1-0

[Event "AUTO-BEG-140"]
[Site "http://www.queenalice.com/game.php?id=274310"]
[Date "2007.9.19"]
[Round "1"]
[White "gilbertoadam"]
[Black "Augustodombosco"]
[Result "0-1"]
[WhiteElo "1176"]
[BlackElo "1296"]

1. e4 d5 2. exd5 Qxd5 3. Nc3 Qa5 4. Bb5+ c6 5. Bc4 e5 6. Qf3 Nf6 7. Nh3 Bd6 8.
Ne4 Nbd7 9. Nxd6+ Kf8 10. Nxf7 Qc5 11. Nxh8 Qxc4 12. Ng5 h6 13. Ngf7 Nc5 14. d3
Qd5 15. Qe3 Ng4 16. Qg3 h5 17. Bg5 Be6 18. c4 Qd4 19. Nd8 Nxd3+ 20. Ke2 Bxc4 21.
Qf3+ Kg8 22. Ng6 Qxb2+ 23. Kd1 Qxa1+ 24. Kc2 Qxa2+ 25. Kd1 Bb3# 0-1

[Event "AUTO-BEG-142"]
[Site "http://www.queenalice.com/game.php?id=276915"]
[Date "2007.9.25"]
[Round "1"]
[White "Camaraujo"]
[Black "gilbertoadam"]
[Result "1-0"]
[WhiteElo "1476"]
[BlackElo "1243"]

1. d4 e6 2. Nf3 Nf6 3. e3 b6 4. Be2 Bb4+ 5. c3 Bd6 6. O-O Ng4 7. h3 Bh2+ 8. Nxh2
Nh6 9. e4 O-O 10. Bxh6 gxh6 11. Ng4 Qg5 12. Qd2 Qe7 13. Qxh6 f6 14. e5 fxe5 15.
dxe5 Ba6 16. Nf6+ Kh8 17. Nxh7 Rg8 18. Nf6+ Qh7 19. Qxh7# 1-0

[Event "AUTO-BEG-142"]
[Site "http://www.queenalice.com/game.php?id=276916"]
[Date "2007.9.25"]
[Round "1"]
[White "gilbertoadam"]
[Black "Camaraujo"]
[Result "0-1"]
[WhiteElo "1287"]
[BlackElo "1926"]

1. e3 Nf6 2. Nc3 Nc6 3. Bc4 d5 4. Bb3 e6 5. d4 b6 6. e4 Nxe4 7. Nb5 a6 8. Na3
Bxa3 9. bxa3 a5 10. Ba4 Bd7 11. Nh3 Nc3 12. Qd2 Nxa4 13. Ng5 Qe7 14. Rb1 e5 15.
O-O Nxd4 16. Qd3 Bb5 17. Qh3 Bxf1 18. Kxf1 f6 19. Nf3 Nxc2 20. Bd2 Nxa3 21. Rb3
Nc4 22. Bc1 Nc5 23. Rc3 O-O 24. Nh4 Ne4 25. Rf3 Ncd2+ 26. Bxd2 Nxd2+ 27. Ke2
Nxf3 28. Qxf3 d4 29. Qd5+ Qf7 30. Qe4 Qxa2+ 31. Kf3 f5 32. Qxe5 Rae8 33. Qxd4
Qb3+ 34. Kf4 Re4+ 35. Qxe4 fxe4+ 36. Kxe4 Qe6+ 0-1

[Event "AUTO-BEG-142"]
[Site "http://www.queenalice.com/game.php?id=276929"]
[Date "2007.9.25"]
[Round "1"]
[White "Jajer"]
[Black "gilbertoadam"]
[Result "0-1"]
[WhiteElo "1129"]
[BlackElo "1290"]

1. e3 e6 2. e4 Bc5 3. Qf3 Qh4 4. g3 Qh6 5. Ne2 Nc6 6. d3 Bb4+ 7. c3 Qg6 8. Nf4
Qf6 9. Bg2 Qe7 10. Nh5 Nd4 11. Qd1 Ba5 12. b4 Bb6 13. Nxg7+ Kd8 14. cxd4 Bxd4
15. Ba3 Bxa1 16. b5 Qf6 17. Nh5 Qe5 18. Nf4 Bc3+ 19. Nxc3 Qxc3+ 20. Qd2 Qxa3 21.
O-O Nf6 22. Ne2 Qc5 23. a4 Qh5 24. Nf4 Qh6 25. Nxe6+ dxe6 26. Qxh6 Ke7 27. Qg5
h6 28. Qh4 e5 29. g4 h5 30. g5 Ng4 31. g6+ f6 32. g7 Rg8 33. Qxh5 Bd7 34. Bh3
Rxg7 35. Kh1 a6 36. Bxg4 Bxg4 37. Qh4 Bf3# 0-1

[Event "AUTO-BEG-142"]
[Site "http://www.queenalice.com/game.php?id=276930"]
[Date "2007.9.25"]
[Round "1"]
[White "gilbertoadam"]
[Black "Jajer"]
[Result "1-0"]
[WhiteElo "1223"]
[BlackElo "1078"]

1. e3 e5 2. Nc3 Nf6 3. Bc4 Bb4 4. Nb5 Ne4 5. Qh5 Qf6 6. Nxc7+ Kf8 7. Nh3 g6 8.
Qh6+ Qg7 9. Qh4 Be7 10. Qxe4 f5 11. Qd5 Nc6 12. Nxa8 Nb4 13. Qa5 Nc6 14. Qc7 Bd8
15. Qd6+ Ne7 16. Nc7 Bxc7 17. Qxc7 a6 18. Qd8# 1-0

[Event "AUTO-BEG-142"]
[Site "http://www.queenalice.com/game.php?id=276937"]
[Date "2007.9.25"]
[Round "1"]
[White "CJ"]
[Black "gilbertoadam"]
[Result "0-1"]
[WhiteElo "1272"]
[BlackElo "1274"]

1. e4 e6 2. Bc4 d5 3. exd5 exd5 4. Qe2+ Be7 5. Bb5+ c6 6. Ba4 Nf6 7. f3 Qa5 8.
b3 Nh5 9. Qe5 b5 10. Nc3 Nf6 11. Bb2 Qd8 12. O-O-O O-O 13. g4 Nbd7 14. Qg3 Rb8
15. Nce2 Nb6 16. Qxb8 bxa4 17. b4 Bxb4 18. c3 Bc5 19. Qxa7 a3 20. Ba1 Nbd7 21.
Qa4 Qc7 22. f4 Nxg4 23. Nh3 Be7 24. Nd4 Nb8 25. Rde1 Nh6 26. Ng5 Bd6 27. Nde6
fxe6 28. Nxe6 Bxe6 29. Rxe6 Nf5 30. Rhe1 Nd7 31. Re8 Nb8 32. c4 Qd7 33. Qc2 Qf7
34. Qc3 dxc4 35. R1e6 Rxe8 36. Rxe8+ Qxe8 37. Qxc4+ Kf8 38. Qd3 Qe1+ 39. Kc2
Qxa1 40. Qxf5+ Ke8 41. Qc8+ Ke7 42. Qb7+ Kf6 43. Qa7 Qxa2+ 44. Kd3 Qd5+ 45. Ke3
a2 46. h4 c5 47. Qa4 g5 48. fxg5+ Ke6 49. Qe8+ Kf5 50. Qc8+ Kg6 51. Qe8+ Kg7 52.
g6 a1=Q 53. gxh7 Qe1# 0-1

[Event "AUTO-BEG-142"]
[Site "http://www.queenalice.com/game.php?id=276938"]
[Date "2007.9.25"]
[Round "1"]
[White "gilbertoadam"]
[Black "CJ"]
[Result "1-0"]
[WhiteElo "1233"]
[BlackElo "1335"]

1. e3 e5 2. Nc3 Qf6 3. Nd5 Qd6 4. Qf3 f6 5. Qh5+ g6 6. Qf3 c6 7. Nc3 Ne7 8. Bc4
b5 9. Bd3 Bg7 10. Ne4 Qc7 11. Nxf6+ Kf7 12. Ne4+ Nf5 13. b3 d5 14. Ng5+ Kf6 15.
N1h3 e4 16. Qe2 Nd4 17. exd4 Bxh3 18. Nxh3 exd3 19. Qf3+ Ke6 20. Ng5+ Kd7 21.
Qf7+ Kd8 22. Qe6 Bxd4 23. c3 Qe7 24. cxd4 Qxe6+ 25. Nxe6+ Kd7 26. Nc5+ Kd6 27.
O-O Re8 28. Nxd3 Nd7 29. a4 Nf6 30. axb5 cxb5 31. Ra6+ Ke7 32. Ne5 Ne4 33. Nc6+
Kf8 34. d3 Nc3 35. Bd2 Ne2+ 36. Kh1 Re6 37. Re1 Rae8 38. Bh6+ Kg8 39. g3 Nxg3+
40. hxg3 Rxe1+ 41. Kg2 Kf7 42. Ne5+ Ke7 43. Bg5+ Kf8 44. Nd7+ Kf7 45. Nf6 R8e2
46. Nd7 Rd1 47. Kf3 Rb2 48. Kf4 Rxf2+ 49. Ke5 Rxd3 50. Ra5 Rxb3 51. Kxd5 Rxg3
52. Ne5+ Ke8 53. Rxa7 Rxg5 54. Ke6 b4 55. Ra8# 1-0